[Event "EYCC Open-U16 2019"]
[Site "Bratislava"]
[Date "2019.08.07"]
[Round "6.45"]
[White "Sadovnikov, Konstantin"]
[Black "Nagy, Ladislav"]
[Result "0-1"]
[WhiteElo "1798"]
[BlackElo "2061"]
[Annotator "NA"]
[PlyCount "58"]
[EventDate "2019.08.02"]
[EventType "swiss"]
[EventCountry "SVK"]
[SourceTitle "playchess.com"]
[Source "ChessBase"]
[SourceQuality "1"]
[TimeControl "40/5400+30:1800+30"]

1. e4 {[%emt 0:00:00]} c5 {[%emt 0:00:00]} 2. Nc3 {[%emt 0:00:00]} e6 {[%emt 0:00:13]} 3. f4 {[%emt 0:00:00]} Nc6 {[%emt 0:01:10]} 4. Nf3 {[%emt 0:00:00]} Nge7 {[%emt 0:09:05]} 5. g3 {[%emt 0:00:08]} g6 {[%emt 0:04:16]} 6. Bg2 {[%emt 0:00:30]} Bg7 {[%emt 0:00:18]} 7. d3 {[%emt 0:00:11]} d6 {[%emt 0:00:47]} 8. O-O {[%emt 0:00:07]} O-O {[%emt 0:00:36]} 9. Be3 {[%emt 0:00:09]} b6 {[%emt 0:02:28]} 10. Bf2 {[%emt 0:00:40]} Ba6 {[%emt 0:02:02]} 11. Re1 {[%emt 0:00:54]} Rc8 {[%emt 0:01:31]} 12. d4 {[%emt 0:21:39]} cxd4 {[%emt 0:00:54]} 13. Nxd4 {[%emt 0:02:32]} Na5 {[%emt 0:02:23]} 14. Rb1 {[%emt 0:20:08]} Qd7 {[%emt 0:06:04]} 15. Qg4 {[%emt 0:18:01]} Rfd8 {[%emt 0:19:20]} 16. Red1 {[%emt 0:05:13]} Nec6 {[%emt 0:06:10]} 17. e5 {[%emt 0:06:05]} Qe7 {[%emt 0:11:22]} 18. Nxc6 {[%emt 0:11:10]} Nxc6 {[%emt 0:00:25]} 19. exd6 {[%emt 0:01:24]} Rxd6 {[%emt 0:01:03]} 20. Rxd6 {[%emt 0:01:25]} Qxd6 {[%emt 0:00:19]} 21. Qf3 {[%emt 0:05:29]} Nd4 {[%emt 0:07:26]} 22. Qd1 {[%emt 0:00:25]} Rd8 {[%emt 0:02:56]} 23. Kh1 {[%emt 0:01:14]} Qc7 {[%emt 0:03:38]} 24. Qc1 {[%emt 0:02:56]} Ne2 {[%emt 0:04:35]} 25. Nxe2 {[%emt 0:01:17]} Bxe2 {[%emt 0:00:07]} 26. Qe3 {[%emt 0:00:48]} Qxc2 {[%emt 0:00:56]} 27. Be4 {[%emt 0:00:08]} Bd3 {[%emt 0:01:13]} 28. Re1 {[%emt 0:00:53]} Bxe4+ {[%emt 0:00:31]} 29. Qxe4 {[%emt 0:00:05]} Qxf2 {[%emt 0:00:14]} 0-1

[Event "EYCC Open-U16 2019"]
[Site "Bratislava"]
[Date "2019.08.07"]
[Round "6.46"]
[White "Ampelakiotis, Stavros"]
[Black "Karadzhov, Ivan"]
[Result "1-0"]
[WhiteElo "2080"]
[BlackElo "2023"]
[Annotator "NA"]
[PlyCount "127"]
[EventDate "2019.08.02"]
[EventType "swiss"]
[EventCountry "SVK"]
[SourceTitle "playchess.com"]
[Source "ChessBase"]
[SourceQuality "1"]
[TimeControl "40/5400+30:1800+30"]

1. e4 {[%emt 0:00:00]} e5 {[%emt 0:00:00]} 2. Nf3 {[%emt 0:00:00]} Nc6 {[%emt 0:00:12]} 3. Bb5 {[%emt 0:00:03]} a6 {[%emt 0:00:17]} 4. Ba4 {[%emt 0:00:09]} Nf6 {[%emt 0:00:21]} 5. O-O {[%emt 0:00:07]} Be7 {[%emt 0:00:10]} 6. Re1 {[%emt 0:00:07]} b5 {[%emt 0:00:20]} 7. Bb3 {[%emt 0:00:04]} d6 {[%emt 0:00:17]} 8. c3 {[%emt 0:00:11]} O-O {[%emt 0:00:10]} 9. h3 {[%emt 0:00:07]} Nb8 {[%emt 0:00:27]} 10. d4 {[%emt 0:00:09]} Nbd7 {[%emt 0:00:19]} 11. Nbd2 {[%emt 0:00:18]} Bb7 {[%emt 0:00:37]} 12. Bc2 {[%emt 0:00:07]} Re8 {[%emt 0:00:18]} 13. a4 {[%emt 0:00:20]} Bf8 {[%emt 0:01:31]} 14. Bd3 {[%emt 0:00:17]} bxa4 {[%emt 0:11:34]} 15. Rxa4 {[%emt 0:06:40]} Nb6 {[%emt 0:04:08]} 16. Ra2 {[%emt 0:08:05]} exd4 {[%emt 0:17:42]} 17. cxd4 {[%emt 0:00:37]} d5 {[%emt 0:04:19]} 18. e5 {[%emt 0:01:12]} Nfd7 {[%emt 0:07:52]} 19. Nb3 {[%emt 0:18:55]} g6 {[%emt 0:13:38]} 20. Na5 {[%emt 0:14:32]} Qc8 {[%emt 0:00:48]} 21. h4 {[%emt 0:10:07]} Bb4 {[%emt 0:06:23]} 22. Bd2 {[%emt 0:01:31]} Bxa5 {[%emt 0:01:06]} 23. Bxa5 {[%emt 0:07:08]} Nf8 {[%emt 0:05:56]} 24. h5 {[%emt 0:05:31]} Nc4 {[%emt 0:05:33]} 25. Bc3 {[%emt 0:04:42]} Ne6 {[%emt 0:01:38]} 26. b3 {[%emt 0:03:58]} Nb6 {[%emt 0:00:17]} 27. Qc1 {[%emt 0:02:33]} c5 {[%emt 0:01:20]} 28. Ba5 {[%emt 0:05:02]} Nd7 {[%emt 0:09:40]} 29. Rc2 {[%emt 0:00:19]} Nb8 {[%emt 0:00:51]} 30. Bb6 {[%emt 0:02:37]} Nd7 {[%emt 0:03:16]} 31. Bxc5 {[%emt 0:00:18]} Ndxc5 {[%emt 0:00:05]} 32. dxc5 {[%emt 0:00:40]} Bc6 {[%emt 0:00:31]} 33. Ng5 {[%emt 0:05:07]} Qb7 {[%emt 0:01:45]} 34. hxg6 {[%emt 0:01:59]} fxg6 {[%emt 0:00:30]} 35. Rb2 {[%emt 0:01:27]} Qb4 {[%emt 0:01:08]} 36. Nxe6 {[%emt 0:02:16]} Rxe6 {[%emt 0:00:04]} 37. Qe3 {[%emt 0:00:25]} Rae8 {[%emt 0:00:43]} 38. f4 {[%emt 0:00:39]} Qc3 {[%emt 0:01:36]} 39. Rbb1 {[%emt 0:00:39]} d4 {[%emt 0:01:07]} 40. Rec1 {[%emt 0:00:00]} Qb4 {[%emt 0:00:00]} 41. Qf2 {[%emt 0:08:44]} Bd5 {[%emt 0:02:42]} 42. Bc4 {[%emt 0:04:42]} Qxc5 {[%emt 0:04:22]} 43. Bxa6 {[%emt 0:00:22]} Qb6 {[%emt 0:02:37]} 44. Bd3 {[%emt 0:02:40]} Rf8 {[%emt 0:03:06]} 45. Rc4 {[%emt 0:09:33]} Kg7 {[%emt 0:09:49]} 46. Rxd4 {[%emt 0:03:12]} Rxe5 {[%emt 0:00:11]} 47. Ra4 {[%emt 0:02:33]} Qxf2+ {[%emt 0:05:31]} 48. Kxf2 {[%emt 0:00:05]} Rg5 {[%emt 0:00:09]} 49. Ra7+ {[%emt 0:02:32]} Kh8 {[%emt 0:00:25]} 50. g3 {[%emt 0:00:45]} Rh5 {[%emt 0:00:03]} 51. Rd7 {[%emt 0:00:50]} Rh2+ {[%emt 0:01:49]} 52. Ke3 {[%emt 0:00:06]} Re8+ {[%emt 0:01:33]} 53. Kd4 {[%emt 0:00:09]} Be6 {[%emt 0:00:12]} 54. Rd6 {[%emt 0:00:34]} Bg4 {[%emt 0:02:58]} 55. b4 {[%emt 0:00:37]} Rg2 {[%emt 0:00:19]} 56. Rh1 {[%emt 0:01:06]} Rxg3 {[%emt 0:00:19]} 57. Bxg6 {[%emt 0:00:21]} Rb8 {[%emt 0:01:28]} 58. Rxh7+ {[%emt 0:00:36]} Kg8 {[%emt 0:00:04]} 59. b5 {[%emt 0:00:33]} Be2 {[%emt 0:00:35]} 60. Be4 {[%emt 0:00:30]} Bxb5 {[%emt 0:00:45]} 61. Rdh6 {[%emt 0:00:29]} Be8 {[%emt 0:01:25]} 62. Bd5+ {[%emt 0:00:23]} Bf7 {[%emt 0:01:16]} 63. Bxf7+ {[%emt 0:00:23]} Kf8 {[%emt 0:00:04]} 64. Rh8+ {[%emt 0:00:14]} 1-0

[Event "EYCC Open-U16 2019"]
[Site "Bratislava"]
[Date "2019.08.07"]
[Round "6.47"]
[White "Holly, Andrej"]
[Black "Muntean, Victor"]
[Result "1/2-1/2"]
[WhiteElo "2046"]
[BlackElo "1971"]
[Annotator "NA"]
[PlyCount "84"]
[EventDate "2019.08.02"]
[EventType "swiss"]
[EventCountry "SVK"]
[SourceTitle "playchess.com"]
[Source "ChessBase"]
[SourceQuality "1"]
[TimeControl "40/5400+30:1800+30"]

1. e4 {[%emt 0:00:00]} e5 {[%emt 0:00:00]} 2. Nf3 {[%emt 0:00:00]} Nc6 {[%emt 0:00:00]} 3. Bc4 {[%emt 0:00:29]} Nf6 {[%emt 0:00:00]} 4. d3 {[%emt 0:00:43]} Be7 {[%emt 0:00:00]} 5. O-O {[%emt 0:01:19]} O-O {[%emt 0:00:06]} 6. Re1 {[%emt 0:00:27]} d6 {[%emt 0:00:10]} 7. a4 {[%emt 0:00:51]} Na5 {[%emt 0:01:33]} 8. Ba2 {[%emt 0:01:02]} c5 {[%emt 0:00:39]} 9. c3 {[%emt 0:02:57]} Be6 {[%emt 0:05:14]} 10. Bxe6 {[%emt 0:02:16]} fxe6 {[%emt 0:00:06]} 11. Na3 {[%emt 0:06:41]} Qd7 {[%emt 0:04:19]} 12. Bd2 {[%emt 0:03:58]} a6 {[%emt 0:03:05]} 13. b4 {[%emt 0:04:00]} cxb4 {[%emt 0:00:08]} 14. cxb4 {[%emt 0:00:01]} Nc6 {[%emt 0:00:10]} 15. Nc4 {[%emt 0:01:43]} Bd8 {[%emt 0:07:53]} 16. b5 {[%emt 0:12:35]} Nd4 {[%emt 0:05:35]} 17. Nxd4 {[%emt 0:03:05]} exd4 {[%emt 0:00:06]} 18. Bb4 {[%emt 0:03:41]} axb5 {[%emt 0:01:17]} 19. axb5 {[%emt 0:02:16]} Rxa1 {[%emt 0:00:38]} 20. Qxa1 {[%emt 0:00:02]} Be7 {[%emt 0:04:09]} 21. Qxd4 {[%emt 0:15:20]} Qxb5 {[%emt 0:12:48]} 22. Bxd6 {[%emt 0:03:57]} Qd7 {[%emt 0:05:56]} 23. e5 {[%emt 0:04:53]} Nd5 {[%emt 0:00:42]} 24. Nb6 {[%emt 0:06:09]} Nxb6 {[%emt 0:01:29]} 25. Qxb6 {[%emt 0:00:03]} Bd8 {[%emt 0:03:32]} 26. Qa7 {[%emt 0:03:20]} Rf4 {[%emt 0:00:38]} 27. Rb1 {[%emt 0:02:28]} Ra4 {[%emt 0:00:12]} 28. Qb8 {[%emt 0:01:02]} h6 {[%emt 0:08:30]} 29. h3 {[%emt 0:02:29]} Kh7 {[%emt 0:00:14]} 30. Qxb7 {[%emt 0:01:11]} Qe8 {[%emt 0:00:45]} 31. Qf3 {[%emt 0:01:42]} Bg5 {[%emt 0:04:07]} 32. Rb7 {[%emt 0:05:09]} Rf4 {[%emt 0:03:17]} 33. Qd1 {[%emt 0:02:02]} Qc6 {[%emt 0:01:40]} 34. Qb1 {[%emt 0:01:03]} Bh4 {[%emt 0:04:50]} 35. d4+ {[%emt 0:01:26]} Rf5 {[%emt 0:00:05]} 36. Rf7 {[%emt 0:06:05]} Bxf2+ {[%emt 0:01:37]} 37. Kh1 {[%emt 0:00:37]} Bxd4 {[%emt 0:01:37]} 38. Rxf5 {[%emt 0:00:16]} exf5 {[%emt 0:00:07]} 39. Qxf5+ {[%emt 0:00:03]} Kg8 {[%emt 0:00:17]} 40. Qf8+ {[%emt 0:00:00]} Kh7 {[%emt 0:00:00]} 41. Qf1 {[%emt 0:10:09]} Qe4 {[%emt 0:00:34]} 42. Qd1 {[%emt 0:04:29]} Bxe5 {[%emt 0:00:16]} 1/2-1/2

[Event "EYCC Open-U16 2019"]
[Site "Bratislava"]
[Date "2019.08.07"]
[Round "6.48"]
[White "Minko, Dmitry"]
[Black "Shahpalangov, Aydin"]
[Result "1-0"]
[WhiteElo "2061"]
[BlackElo "1851"]
[Annotator "NA"]
[PlyCount "79"]
[EventDate "2019.08.02"]
[EventType "swiss"]
[EventCountry "SVK"]
[SourceTitle "playchess.com"]
[Source "ChessBase"]
[SourceQuality "1"]
[TimeControl "40/5400+30:1800+30"]

1. e4 {[%emt 0:00:00]} c5 {[%emt 0:00:00]} 2. Nf3 {[%emt 0:00:00]} g6 {[%emt 0:00:00]} 3. d4 {[%emt 0:00:00]} cxd4 {[%emt 0:00:00]} 4. Nxd4 {[%emt 0:00:00]} Bg7 {[%emt 0:00:02]} 5. c4 {[%emt 0:00:00]} d6 {[%emt 0:00:07]} 6. Nc3 {[%emt 0:00:34]} Nf6 {[%emt 0:00:11]} 7. Be2 {[%emt 0:00:18]} a6 {[%emt 0:00:08]} 8. Be3 {[%emt 0:00:25]} O-O {[%emt 0:00:06]} 9. O-O {[%emt 0:00:11]} b6 {[%emt 0:00:16]} 10. f3 {[%emt 0:01:54]} Bb7 {[%emt 0:00:05]} 11. Qd2 {[%emt 0:00:52]} Re8 {[%emt 0:00:08]} 12. a3 {[%emt 0:06:52]} Nbd7 {[%emt 0:00:35]} 13. b4 {[%emt 0:02:30]} Rc8 {[%emt 0:00:19]} 14. Rac1 {[%emt 0:01:13]} e6 {[%emt 0:04:28]} 15. Bf2 {[%emt 0:19:49]} d5 {[%emt 0:07:02]} 16. exd5 {[%emt 0:07:18]} exd5 {[%emt 0:00:04]} 17. Nxd5 {[%emt 0:03:56]} Nxd5 {[%emt 0:02:46]} 18. cxd5 {[%emt 0:00:08]} Nf6 {[%emt 0:02:04]} 19. b5 {[%emt 0:01:33]} Qxd5 {[%emt 0:10:45]} 20. bxa6 {[%emt 0:00:43]} Ba8 {[%emt 0:03:10]} 21. Rxc8 {[%emt 0:05:07]} Rxc8 {[%emt 0:00:26]} 22. Rc1 {[%emt 0:00:11]} Re8 {[%emt 0:13:02]} 23. Bc4 {[%emt 0:02:08]} Qh5 {[%emt 0:00:40]} 24. Re1 {[%emt 0:08:35]} Qc5 {[%emt 0:13:44]} 25. Rxe8+ {[%emt 0:01:52]} Nxe8 {[%emt 0:00:01]} 26. Bf1 {[%emt 0:00:37]} Qxa3 {[%emt 0:07:27]} 27. Nb5 {[%emt 0:01:01]} Qe7 {[%emt 0:02:29]} 28. Bxb6 {[%emt 0:00:30]} Be5 {[%emt 0:05:35]} 29. f4 {[%emt 0:06:15]} Qf6 {[%emt 0:07:49]} 30. Be3 {[%emt 0:00:30]} Bc7 {[%emt 0:00:08]} 31. Nxc7 {[%emt 0:08:12]} Nxc7 {[%emt 0:00:19]} 32. Bd4 {[%emt 0:04:01]} Qd8 {[%emt 0:03:00]} 33. Qb2 {[%emt 0:00:33]} Nd5 {[%emt 0:00:56]} 34. a7 {[%emt 0:02:07]} Ne7 {[%emt 0:06:10]} 35. Bf6 {[%emt 0:04:12]} Qf8 {[%emt 0:00:12]} 36. Bxe7 {[%emt 0:00:37]} Qxe7 {[%emt 0:00:01]} 37. Qb8+ {[%emt 0:00:09]} Qf8 {[%emt 0:00:01]} 38. Qxf8+ {[%emt 0:00:10]} Kxf8 {[%emt 0:00:05]} 39. Be2 {[%emt 0:00:06]} Ke7 {[%emt 0:01:34]} 40. Bf3 {[%emt 0:00:00]} 1-0

[Event "EYCC Open-U16 2019"]
[Site "Bratislava"]
[Date "2019.08.08"]
[Round "7.1"]
[White "Barseghyan, Armen Ar."]
[Black "Teclaf, Pawel"]
[Result "1-0"]
[WhiteElo "2313"]
[BlackElo "2454"]
[Annotator "ChessBase"]
[PlyCount "115"]
[EventDate "2019.08.02"]
[EventType "swiss"]
[EventCountry "SVK"]
[SourceTitle "playchess.com"]
[Source "ChessBase"]
[SourceQuality "1"]
[TimeControl "40/5400+30:1800+30"]

1. Nf3 {[%emt 0:00:14]} c5 {[%emt 0:00:00]} 2. c4 {[%emt 0:00:11]} Nf6 {[%emt 0:00:00]} 3. Nc3 {[%emt 0:04:23]} e6 {[%emt 0:00:25]} 4. e3 {[%emt 0:00:25]} g6 {[%emt 0:07:52]} 5. d4 {[%emt 0:01:05]} Bg7 {[%emt 0:00:34]} 6. Be2 {[%emt 0:00:53]} O-O {[%emt 0:01:45]} 7. O-O {[%emt 0:00:34]} d6 {[%emt 0:02:06]} 8. b3 {[%emt 0:06:20]} b6 {[%emt 0:03:24]} 9. Bb2 {[%emt 0:00:18]} Bb7 {[%emt 0:00:45]} 10. Qc2 {[%emt 0:03:10]} a6 {[%emt 0:03:38]} 11. Rac1 {[%emt 0:02:26]} Nbd7 {[%emt 0:08:08]} 12. Rfd1 {[%emt 0:02:45]} Qe7 {[%emt 0:03:37]} 13. a3 {[%emt 0:04:37]} Rac8 {[%emt 0:07:22]} 14. b4 {[%emt 0:11:24]} cxd4 {[%emt 0:05:07]} 15. Nxd4 {[%emt 0:07:54]} Ne5 {[%emt 0:03:24]} 16. Qb3 {[%emt 0:02:33]} Nfg4 {[%emt 0:14:27]} 17. h3 {[%emt 0:13:01]} Nf6 {[%emt 0:10:22]} 18. Na4 {[%emt 0:06:05]} Ba8 {[%emt 0:02:18]} 19. Nxb6 {[%emt 0:04:55]} Rc7 {[%emt 0:03:15]} 20. Nxa8 {[%emt 0:00:33]} Rxa8 {[%emt 0:00:00]} 21. Nf3 {[%emt 0:01:40]} Ned7 {[%emt 0:02:05]} 22. Qd3 {[%emt 0:02:44]} Bf8 {[%emt 0:01:57]} 23. Nd2 {[%emt 0:04:37]} Rb8 {[%emt 0:03:06]} 24. Nb3 {[%emt 0:01:44]} e5 {[%emt 0:03:12]} 25. e4 {[%emt 0:02:38]} Rbc8 {[%emt 0:01:10]} 26. Qe3 {[%emt 0:01:57]} Qe6 {[%emt 0:01:27]} 27. Na5 {[%emt 0:01:55]} h5 {[%emt 0:00:07]} 28. Rc2 {[%emt 0:01:08]} Kh7 {[%emt 0:01:14]} 29. Bc1 {[%emt 0:00:17]} Kg8 {[%emt 0:01:50]} 30. Qd3 {[%emt 0:00:57]} Kh7 {[%emt 0:03:12]} 31. Be3 {[%emt 0:00:55]} Kg8 {[%emt 0:01:09]} 32. Rdc1 {[%emt 0:00:40]} Rb8 {[%emt 0:00:32]} 33. Rd2 {[%emt 0:01:54]} Kg7 {[%emt 0:01:04]} 34. Bd1 {[%emt 0:01:07]} Qe8 {[%emt 0:01:26]} 35. Bb3 {[%emt 0:02:32]} Qc8 {[%emt 0:00:49]} 36. Rdc2 {[%emt 0:00:47]} Be7 {[%emt 0:01:25]} 37. f3 {[%emt 0:02:52]} Bf8 {[%emt 0:00:48]} 38. Qd2 {[%emt 0:00:29]} Kg8 {[%emt 0:00:54]} 39. Qf2 {[%emt 0:00:37]} Kg7 {[%emt 0:01:44]} 40. Rd1 {[%emt 0:00:00]} Be7 {[%emt 0:00:00]} 41. Rcd2 {[%emt 0:04:17]} Qf8 {[%emt 0:13:11]} 42. Ba4 {[%emt 0:01:31]} Qc8 {[%emt 0:04:24]} 43. g4 {[%emt 0:01:14]} hxg4 {[%emt 0:02:09]} 44. hxg4 {[%emt 0:00:10]} Nf8 {[%emt 0:01:08]} 45. Qh4 {[%emt 0:06:20]} Nh5 {[%emt 0:04:10]} 46. Qh3 {[%emt 0:00:42]} Nh7 {[%emt 0:01:29]} 47. Rh2 {[%emt 0:01:17]} Bg5 {[%emt 0:00:27]} 48. f4 {[%emt 0:01:32]} Nxf4 {[%emt 0:06:15]} 49. Bxf4 {[%emt 0:02:02]} exf4 {[%emt 0:00:50]} 50. Qxh7+ {[%emt 0:00:16]} Kf6 {[%emt 0:00:06]} 51. Qh3 {[%emt 0:00:39]} Qe6 {[%emt 0:02:11]} 52. Nc6 {[%emt 0:01:48]} Rxc6 {[%emt 0:00:51]} 53. Bxc6 {[%emt 0:00:05]} Qe5 {[%emt 0:00:04]} 54. Qd3 {[%emt 0:00:42]} Ke7 {[%emt 0:00:33]} 55. Qd4 {[%emt 0:00:40]} Qe6 {[%emt 0:00:13]} 56. Qd5 {[%emt 0:00:34]} Qf6 {[%emt 0:01:24]} 57. e5 {[%emt 0:00:09]} Qxe5 {[%emt 0:00:22]} 58. Re2 {[%emt 0:00:27]} 1-0

[Event "EYCC Open-U16 2019"]
[Site "Bratislava"]
[Date "2019.08.08"]
[Round "7.2"]
[White "De Boer, Eelke"]
[Black "Sahidi, Samir"]
[Result "1-0"]
[WhiteElo "2279"]
[BlackElo "2369"]
[Annotator "NA"]
[PlyCount "129"]
[EventDate "2019.08.02"]
[EventType "swiss"]
[EventCountry "SVK"]
[SourceTitle "playchess.com"]
[Source "ChessBase"]
[SourceQuality "1"]
[TimeControl "40/5400+30:1800+30"]

1. e4 {[%emt 0:00:00]} e5 {[%emt 0:00:00]} 2. Nf3 {[%emt 0:00:00]} Nc6 {[%emt 0:00:00]} 3. Bb5 {[%emt 0:00:00]} Nf6 {[%emt 0:00:07]} 4. O-O {[%emt 0:00:00]} Bc5 {[%emt 0:02:25]} 5. Nxe5 {[%emt 0:17:29]} Nxe5 {[%emt 0:07:08]} 6. d4 {[%emt 0:00:09]} a6 {[%emt 0:03:10]} 7. Be2 {[%emt 0:06:18]} Bxd4 {[%emt 0:03:40]} 8. Qxd4 {[%emt 0:00:07]} d6 {[%emt 0:00:12]} 9. Nc3 {[%emt 0:06:17]} h6 {[%emt 0:12:43]} 10. b3 {[%emt 0:13:54]} Be6 {[%emt 0:08:18]} 11. f4 {[%emt 0:05:55]} Nc6 {[%emt 0:01:26]} 12. Qd3 {[%emt 0:00:39]} Rg8 {[%emt 0:17:55]} 13. Bb2 {[%emt 0:09:08]} Qb8 {[%emt 0:02:18]} 14. Rad1 {[%emt 0:06:32]} Qa7+ {[%emt 0:00:27]} 15. Kh1 {[%emt 0:00:23]} O-O-O {[%emt 0:00:40]} 16. Nd5 {[%emt 0:00:32]} Nd7 {[%emt 0:03:37]} 17. c4 {[%emt 0:01:59]} Nc5 {[%emt 0:01:18]} 18. Qc2 {[%emt 0:01:57]} Rde8 {[%emt 0:01:46]} 19. Bf3 {[%emt 0:00:47]} Nd7 {[%emt 0:04:23]} 20. Qd2 {[%emt 0:03:07]} f5 {[%emt 0:03:42]} 21. Nxc7 {[%emt 0:03:40]} Kxc7 {[%emt 0:01:08]} 22. Qxd6+ {[%emt 0:00:07]} Kc8 {[%emt 0:00:42]} 23. exf5 {[%emt 0:00:09]} Bxf5 {[%emt 0:00:19]} 24. g4 {[%emt 0:00:11]} Be4 {[%emt 0:03:18]} 25. Qxd7+ {[%emt 0:00:56]} Kb8 {[%emt 0:00:10]} 26. Bxe4 {[%emt 0:03:49]} Rxe4 {[%emt 0:00:08]} 27. Be5+ {[%emt 0:01:17]} Nxe5 {[%emt 0:05:52]} 28. Qd5 {[%emt 0:00:16]} Rc8 {[%emt 0:02:53]} 29. Qxe4 {[%emt 0:00:29]} Nxg4 {[%emt 0:00:05]} 30. Qd4 {[%emt 0:00:42]} Ne3 {[%emt 0:00:35]} 31. Qxg7 {[%emt 0:03:56]} Nxd1 {[%emt 0:00:44]} 32. Rxd1 {[%emt 0:00:06]} Qf2 {[%emt 0:00:38]} 33. Qg3 {[%emt 0:02:19]} Qxa2 {[%emt 0:02:45]} 34. f5+ {[%emt 0:00:15]} Ka8 {[%emt 0:00:37]} 35. Qf3 {[%emt 0:00:17]} Qc2 {[%emt 0:01:28]} 36. f6 {[%emt 0:03:54]} Rf8 {[%emt 0:01:17]} 37. Rd7 {[%emt 0:00:53]} Qb1+ {[%emt 0:00:41]} 38. Kg2 {[%emt 0:00:27]} Qg6+ {[%emt 0:00:47]} 39. Kh3 {[%emt 0:00:37]} Rb8 {[%emt 0:00:09]} 40. c5 {[%emt 0:00:00]} Qe8 {[%emt 0:00:00]} 41. Rd6 {[%emt 0:08:48]} Ka7 {[%emt 0:03:26]} 42. f7 {[%emt 0:11:32]} Qc8+ {[%emt 0:00:48]} 43. Kg2 {[%emt 0:01:17]} Qxc5 {[%emt 0:07:14]} 44. f8=Q {[%emt 0:01:25]} Qg5+ {[%emt 0:00:46]} 45. Kh1 {[%emt 0:01:08]} Rxf8 {[%emt 0:01:18]} 46. Qxf8 {[%emt 0:00:10]} Qc1+ {[%emt 0:00:47]} 47. Kg2 {[%emt 0:00:40]} Qg5+ {[%emt 0:00:28]} 48. Kf3 {[%emt 0:00:21]} Qh5+ {[%emt 0:00:52]} 49. Ke3 {[%emt 0:02:34]} Qe5+ {[%emt 0:00:49]} 50. Kd3 {[%emt 0:00:15]} Qb5+ {[%emt 0:00:35]} 51. Kd4 {[%emt 0:02:09]} Qb4+ {[%emt 0:00:55]} 52. Ke5 {[%emt 0:01:22]} Qe1+ {[%emt 0:01:37]} 53. Kf6 {[%emt 0:00:30]} Qh4+ {[%emt 0:01:15]} 54. Kg7 {[%emt 0:01:10]} Qxh2 {[%emt 0:00:43]} 55. Qf6 {[%emt 0:02:21]} Qg3+ {[%emt 0:06:29]} 56. Kxh6 {[%emt 0:00:22]} Qh3+ {[%emt 0:00:47]} 57. Kg7 {[%emt 0:01:23]} Qg4+ {[%emt 0:00:56]} 58. Kf8 {[%emt 0:00:40]} Qc8+ {[%emt 0:00:27]} 59. Rd8 {[%emt 0:00:25]} Qc5+ {[%emt 0:00:25]} 60. Kg8 {[%emt 0:00:14]} Qg1+ {[%emt 0:05:36]} 61. Qg7 {[%emt 0:00:15]} Qxg7+ {[%emt 0:02:43]} 62. Kxg7 {[%emt 0:00:07]} Kb6 {[%emt 0:00:05]} 63. Rd5 {[%emt 0:01:41]} Kc6 {[%emt 0:00:20]} 64. Ra5 {[%emt 0:00:24]} Kb6 {[%emt 0:00:18]} 65. Re5 {[%emt 0:00:06]} 1-0

[Event "EYCC Open-U16 2019"]
[Site "Bratislava"]
[Date "2019.08.08"]
[Round "7.3"]
[White "Pogosyan, Stefan"]
[Black "Van Dael, Siem"]
[Result "1/2-1/2"]
[WhiteElo "2334"]
[BlackElo "2319"]
[Annotator "NA"]
[PlyCount "62"]
[EventDate "2019.08.02"]
[EventType "swiss"]
[EventCountry "SVK"]
[SourceTitle "playchess.com"]
[Source "ChessBase"]
[SourceQuality "1"]
[TimeControl "40/5400+30:1800+30"]

1. d4 {[%emt 0:00:00]} Nf6 {[%emt 0:00:00]} 2. c4 {[%emt 0:00:00]} g6 {[%emt 0:00:00]} 3. Nc3 {[%emt 0:00:00]} Bg7 {[%emt 0:00:00]} 4. g3 {[%emt 0:00:00]} O-O {[%emt 0:00:00]} 5. Bg2 {[%emt 0:00:00]} d6 {[%emt 0:00:04]} 6. Nf3 {[%emt 0:00:01]} Nc6 {[%emt 0:01:04]} 7. O-O {[%emt 0:00:41]} e5 {[%emt 0:00:04]} 8. d5 {[%emt 0:00:04]} Nb8 {[%emt 0:00:05]} 9. e4 {[%emt 0:02:06]} a5 {[%emt 0:00:14]} 10. Ne1 {[%emt 0:00:12]} Na6 {[%emt 0:00:25]} 11. Nd3 {[%emt 0:00:13]} Nc5 {[%emt 0:04:07]} 12. Nxc5 {[%emt 0:07:08]} dxc5 {[%emt 0:00:20]} 13. f4 {[%emt 0:02:25]} Ne8 {[%emt 0:03:25]} 14. fxe5 {[%emt 0:16:59]} Bxe5 {[%emt 0:04:13]} 15. Bh6 {[%emt 0:02:59]} Ng7 {[%emt 0:11:34]} 16. Qd2 {[%emt 0:01:18]} Qe7 {[%emt 0:01:20]} 17. Rae1 {[%emt 0:08:37]} Bd7 {[%emt 0:03:50]} 18. Bf4 {[%emt 0:07:12]} Ne8 {[%emt 0:07:39]} 19. Bh6 {[%emt 0:07:52]} Nd6 {[%emt 0:12:25]} 20. Bxf8 {[%emt 0:03:39]} Qxf8 {[%emt 0:00:07]} 21. b3 {[%emt 0:01:58]} Qg7 {[%emt 0:01:07]} 22. Rf3 {[%emt 0:03:48]} h5 {[%emt 0:06:05]} 23. a4 {[%emt 0:02:31]} b6 {[%emt 0:07:03]} 24. Nd1 {[%emt 0:08:12]} Bg4 {[%emt 0:03:24]} 25. Rd3 {[%emt 0:01:21]} Bxd1 {[%emt 0:02:05]} 26. Qxd1 {[%emt 0:00:18]} Qh6 {[%emt 0:00:56]} 27. Qc1 {[%emt 0:01:17]} Qxc1 {[%emt 0:03:55]} 28. Rxc1 {[%emt 0:00:07]} Kg7 {[%emt 0:00:12]} 29. Re1 {[%emt 0:05:22]} g5 {[%emt 0:03:09]} 30. Re2 {[%emt 0:02:33]} Re8 {[%emt 0:00:47]} 31. Kf1 {[%emt 0:00:37]} Ra8 {[%emt 0:00:42]} 1/2-1/2

[Event "EYCC Open-U16 2019"]
[Site "Bratislava"]
[Date "2019.08.08"]
[Round "7.4"]
[White "Globus, Or"]
[Black "Tsoi, Dmitry"]
[Result "1/2-1/2"]
[WhiteElo "2352"]
[BlackElo "2314"]
[Annotator "NA"]
[PlyCount "59"]
[EventDate "2019.08.02"]
[EventType "swiss"]
[EventCountry "SVK"]
[SourceTitle "playchess.com"]
[Source "ChessBase"]
[SourceQuality "1"]
[TimeControl "40/5400+30:1800+30"]

1. d4 {[%emt 0:00:00]} Na6 {[%emt 0:00:00]} 2. e4 {[%emt 0:09:55]} c6 {[%emt 0:00:00]} 3. Bd3 {[%emt 0:04:41]} g6 {[%emt 0:02:17]} 4. Nf3 {[%emt 0:01:24]} Bg7 {[%emt 0:00:06]} 5. O-O {[%emt 0:00:48]} Nb4 {[%emt 0:06:30]} 6. Be2 {[%emt 0:02:50]} d5 {[%emt 0:00:22]} 7. Nbd2 {[%emt 0:03:12]} dxe4 {[%emt 0:04:11]} 8. Nxe4 {[%emt 0:00:05]} Bf5 {[%emt 0:00:20]} 9. Ng3 {[%emt 0:03:56]} Nf6 {[%emt 0:09:39]} 10. c3 {[%emt 0:16:53]} Nbd5 {[%emt 0:00:06]} 11. Nxf5 {[%emt 0:00:53]} gxf5 {[%emt 0:00:02]} 12. Bd3 {[%emt 0:00:14]} e6 {[%emt 0:00:30]} 13. Re1 {[%emt 0:01:00]} O-O {[%emt 0:00:13]} 14. h3 {[%emt 0:00:54]} Qd6 {[%emt 0:06:28]} 15. Ne5 {[%emt 0:03:54]} Nd7 {[%emt 0:01:20]} 16. Nc4 {[%emt 0:04:12]} Qc7 {[%emt 0:00:33]} 17. Qf3 {[%emt 0:01:39]} b5 {[%emt 0:03:08]} 18. Ne3 {[%emt 0:00:32]} N7f6 {[%emt 0:01:49]} 19. g4 {[%emt 0:03:31]} fxg4 {[%emt 0:03:51]} 20. Nxd5 {[%emt 0:06:14]} Nxd5 {[%emt 0:01:48]} 21. hxg4 {[%emt 0:00:06]} Rae8 {[%emt 0:06:04]} 22. Bd2 {[%emt 0:01:44]} Kh8 {[%emt 0:03:57]} 23. Kg2 {[%emt 0:05:16]} f5 {[%emt 0:00:14]} 24. Rh1 {[%emt 0:01:23]} Bf6 {[%emt 0:05:41]} 25. gxf5 {[%emt 0:09:20]} Rg8+ {[%emt 0:04:04]} 26. Kf1 {[%emt 0:00:13]} e5 {[%emt 0:00:04]} 27. dxe5 {[%emt 0:00:26]} Rxe5 {[%emt 0:00:09]} 28. Re1 {[%emt 0:02:34]} Rxe1+ {[%emt 0:04:07]} 29. Kxe1 {[%emt 0:00:23]} Rd8 {[%emt 0:04:49]} 30. Kf1 {[%emt 0:02:05]} 1/2-1/2